LIBRARY & INFORMATION CENTRE, KCAET, TAVANUR

ONLINE PUBLIC ACCESS CATALOGUE (OPAC)

Food processing (Record no. 13682)

MARC details
000 -LEADER
fixed length control field 00255nam a22001217a 4500
020 ## - INTERNATIONAL STANDARD BOOK NUMBER
ISBN 9789380930022
082 ## - DEWEY DECIMAL CLASSIFICATION NUMBER
Classification number 664
Item number ANU/FO
100 ## - MAIN ENTRY--AUTHOR NAME
Personal name Anuradha Roy
245 ## - TITLE STATEMENT
Title Food processing
260 ## - PUBLICATION, DISTRIBUTION, ETC. (IMPRINT)
Place of publication Jaipur
Name of publisher Yking Books
Year of publication 2010
300 ## - PHYSICAL DESCRIPTION
Number of Pages 328
942 ## - ADDED ENTRY ELEMENTS (KOHA)
Koha item type Books
Holdings
Withdrawn status Lost status Damaged status Collection code Home library Current library Shelving location Date acquired Source of acquisition Cost, normal purchase price Full call number Accession Number Koha item type
      Non-fiction KAUAET KAUAET General Stacks 31/03/2012 International Books and periodical supply service, New Delhi 1125.00 664 ANU/FO 23562 Books
      Non-fiction KAUAET KAUAET General Stacks 31/03/2012 Southern Book star, Tvm 1125.00 664 ANU/FO 23385 Books
free website counter